000 00286nam a22001337a 4500
008 170203b xxu||||| |||| 00| 0 eng d
020 _a0942732022
041 _aeng
080 _a61
100 _a3
101 _aSHM
245 _aHEALTH CARE LAW AND ETHICS
_cHOPER
942 _2udc
_cBK
999 _c4431
_d4431